Surface modification and mechanisms (Record no. 594988)

000 -LEADER
fixed length control field 00280nam a22001097a 4500
040 ## - CATALOGING SOURCE
Transcribing agency SCME
100 ## - MAIN ENTRY--PERSONAL NAME
Personal name E.Totten. George ,Liang Hong
9 (RLIN) 113237
245 ## - TITLE STATEMENT
Title Surface modification and mechanisms
260 ## - PUBLICATION, DISTRIBUTION, ETC.
Place of publication, distribution, etc. Marcel dekker ,INC
Name of publisher, distributor, etc. NewYork
Date of publication, distribution, etc. 2004
300 ## - PHYSICAL DESCRIPTION
Extent 744p.
942 ## - ADDED ENTRY ELEMENTS (KOHA)
Source of classification or shelving scheme
Koha item type Book
Holdings
Withdrawn status Lost status Source of classification or shelving scheme Damaged status Not for loan Permanent Location Current Location Shelving location Date acquired Total Checkouts Full call number Barcode Date last seen Price effective from Koha item type
          School of Chemical & Materials Engineering (SCME) School of Chemical & Materials Engineering (SCME) Book Cart 06/23/2023   620.44 G346S SCME-4845 06/23/2023 06/23/2023 Book
© 2023 Central Library, National University of Sciences and Technology. All Rights Reserved.